Γεωγραφικά συστήματα πληροφοριών
Saved in:
| Main Author: | |
|---|---|
| Format: | Book |
| Language: | Greek |
| Published: |
Αθήνα:
Γκοβόστης,
c2010.
|
| Subjects: | |
| Tags: |
Add Tag
No Tags, Be the first to tag this record!
|
MARC
| LEADER | 00000cam a2200000 a 4500 | ||
|---|---|---|---|
| 001 | 1/112818 | ||
| 008 | 170125t2010####gr | ||| |||| ||gre|| | ||
| 020 | |a 9789604460269 |q (χαρτόδετο) | ||
| 040 | |a GR-MyUa |b gre |c GR-MyUa |e AACR2 | ||
| 041 | 0 | |a gre | |
| 082 | 7 | |a 910.285 |2 (23) | |
| 100 | 1 | |a Φώτης, Γεώργιος Ν. | |
| 245 | 1 | 0 | |a Γεωγραφικά συστήματα πληροφοριών / |c Γεώργιος Ν. Φώτης. |
| 260 | |a Αθήνα: |b Γκοβόστης, |c c2010. | ||
| 300 | |a xii, 340 σ.: |b εικ., πίν., σχέδια ; |c 24 εκ. | ||
| 504 | |a Βιβλιογραφία: σ. 325-340. | ||
| 650 | 0 | |a Geographic information systems. | |
| 852 | |a INST |b CHIOS |c EUDOXUS |e 20170125 |h 910.285 ΦΩΤ |p 005200037883 |q 005200037883 |t BK |y 0 | ||
| 920 | |a Εύδοξος |b Παραγγελία |y Χίος-ΤΔΕ |z 2017-01 | ||
| 970 | |a Σπέντζα |b Ελένη |z 25-01-2017 | ||